Výpočet nulového bodu v zdravotníctve

Analýza nulového bodu umožňuje zistiť, pri akom objeme činnosti dochádza k rovnováhe medzi tržbami a nákladmi a kedy ďalšie zvýšenie objemu činnosti začína prinášať zisk. Východiskové údaje na výpočet nulového bodu súkromnej ambulancie.

Salvato in:
Dettagli Bibliografici
Autore principale: Nagy, Ladislav
Natura: Capitolo di libro
Lingua:slovacco
Soggetti:
Tags: Aggiungi Tag
Nessun Tag, puoi essere il primo ad aggiungerne!!

MARC

LEADER 00000nla a2200000 4500
001 0186805
005 20240502073206.2
041 0 |a slo 
044 |a SK 
245 1 0 |a Výpočet nulového bodu v zdravotníctve  |c Ladislav Nagy 
520 |a Analýza nulového bodu umožňuje zistiť, pri akom objeme činnosti dochádza k rovnováhe medzi tržbami a nákladmi a kedy ďalšie zvýšenie objemu činnosti začína prinášať zisk. Východiskové údaje na výpočet nulového bodu súkromnej ambulancie. 
610 2 0 |a zdravotníctvo 
610 2 0 |a financovanie 
610 2 0 |a zariadenia zdravotnícke 
610 2 0 |a služby zdravotnícke 
610 2 0 |a náklady a ceny 
610 2 0 |a poisťovne zdravotné 
100 1 |a Nagy, Ladislav